000 00599nam a2200169 i 4500
001 72878
003 ES-MaACL
005 20230906171604.0
007 t|
008 040903q1956 sp ||||1| spa d
100 1 _aGómez, César Armando.
_957753
245 1 0 _aDemocracia y revolución en la formación de la U.R.S.S. /
_cpor César Armando Gómez.
260 _a[S.l. :
_bs.n.,
_c1956?]
300 _a3 h. ;
_c24 cm.
500 _aEs separata de: Boletín Informativo del Seminario de Derecho Poltico de la Universidad de Salamanca, Mayo-Octubre, 1956.
852 _aES-MaACL
_j2001-F-11
_bR.42020
999 _c72878
_d72878